Les stades de Ligue 1 (2025/26) - Statistiques

Statistiques générales
  • Ce quiz a été pris 46 fois
  • Le résultat moyen est 12 sur 18
Statistiques - réponses
Par images Réponse % Correct
Olympique de Marseille
95%
AJ Auxerre
89%
Stade Rennais FC
89%
AS Monaco
84%
FC Nantes
78%
Olympique Lyonnais
78%
Paris SG
78%
Lille OSC
68%
RC Lens
68%
OGC Nice
62%
FC Metz
57%
Paris FC
57%
FC Lorient
54%
Stade Brestois 29
54%
Le Havre AC
51%
Angers SCO
49%
RC Strasbourg Alsace
46%
Toulouse FC
46%
Aucun quiz correspondant
Distribution des résultats
% des personnes avec chaque résultat
Percentile par nombre de réponses
Votre historique - résultats
Vous n’avez pas pris ce quiz